000 00327nam a2200121Ia 4500
008 220120s9999||||xx |||||||||||||| ||und||
082 _a823 CAS
100 _aCastro, Doreen De
_911851
245 0 _aEssays and letters
260 _aSunrise Publishers
_bNew Delhi
_c2006```
300 _a116p.;28cm
_b350
650 _aGENERAL BOOKS
999 _c137389
_d137389